000 00382nam a2200169Ia 4500
008 230524s9999 xx 000 0 und d
020 _a8170294436
082 _a6.4
_bSTE
100 _aAl.Stevens
_916388
245 0 _aTeaches C
250 _a1ST
260 _aNEW DELHI
_bBPB
_c1995
300 _aXVIII;294
500 _aQuantity Number: 1
650 _aComp-Sc
942 _cBK
999 _c24628
_d24628